000 00713nam a22002057a 4500
008 220826b |||||||| |||| 00| 0 eng d
020 _a9789186910389
040 _aUZ
_beng
_cCUZ
_erda
050 _aKQ18
_bSEL
110 1 _aRaoul Wallenberg Institute
245 1 0 _aSelected Aspects of the 2013 Zimbabwean Constitution and Declaration of Rights/
_c edited by Admark Moyo.
264 _aLund, Sweden :
_bRaoul Wallenberg Institute of Human Rights ;
_c 2019.
300 _avii, 279 pages ,
_c 23cm.
336 _atext
_btxt
337 _aunmediated
_bn
338 _2rdacarrier
650 0 4 _aConstitutional rights -- Zimbabwe
942 _cOS
999 _c44542
_d44542